| 000 | 01078nas a2200349 4500 | ||
|---|---|---|---|
| 001 | BR0707421 | ||
| 003 | BR-BrBNA | ||
| 005 | 20231205112247.0 | ||
| 007 | ta | ||
| 008 | 230509b bl.|||p| |||| 00| 00por d | ||
| 040 |
_aBR-BrBNA _bpor _cBiblioteca Nacional de Agricultura |
||
| 041 | _a(Pt) | ||
| 072 | _aL02; L53 | ||
| 100 | 1 | _aAlves, N.G. | |
| 100 | 1 | _aTorres, C.A.A. | |
| 100 | 1 | _aRodrigues, M.T. | |
| 100 | 1 | _aCecon, P.R. | |
| 100 | 1 | _aSantos, A.D.F. | |
| 100 | 1 | _aSiqueira, L.G.B. | |
| 100 | 1 | _aBittencourt, L.L. | |
| 100 | 1 | _aMoraes, E.A. | |
| 245 | 1 | _aEfeito do nível de uréia na dieta sobre o desempenho, a qualidade e o estádio de desenvolvimento embrionário em cabras Alpinas | |
| 650 | _aCABRA | ||
| 650 | _aDIETA | ||
| 650 | _aURÉIA | ||
| 650 | _aEMBRIÃO ANIMAL | ||
| 650 | _aCOMPOSIÇÃO QUÍMICA | ||
| 650 | _aGLICOSE | ||
| 773 | 0 |
_tArquivo Brasileiro de Medicina Veterinária e Zootecnia (Brazil) _xISSN 0102-0935 _g(Aug 2007), v. 59(4) p. 996-1005 _wBR0707421 |
|
| 909 |
_a202311 _bLúcia _c55 _dLúcia Elande |
||
| 942 |
_2AGRIS _n0 _cANA |
||
| 999 |
_c197043 _d197043 |
||